000 00427nam a2200169Ia 4500
008 151213s9999 xx 000 0 und d
020 _a0-340-584998
100 _aRoger Webster
245 _aStudying Literary Theory. An Introduction
_cRoger Webster
250 _a2nd
260 _aLondon
_bArnold
_c1996
300 _a4801 p.
650 _aEnglish
650 _aEnglish Language
700 _aRoger Webster
999 _c3028
_d3028